LEADER 04323 am 2200889 n 450 001 9910317654103321 005 20190318 010 $a979-1-03-510212-8 024 7 $a10.4000/books.psorbonne.21004 035 $a(CKB)4100000007938219 035 $a(FrMaCLE)OB-psorbonne-21004 035 $a(oapen)https://directory.doabooks.org/handle/20.500.12854/49447 035 $a(PPN)267968973 035 $a(EXLCZ)994100000007938219 100 $a20190412j|||||||| ||| 0 101 0 $afre 135 $auu||||||m|||| 181 $ctxt$2rdacontent 182 $cc$2rdamedia 183 $acr$2rdacarrier 200 14$aLes historiens et le latin médiéval /$fMonique Goullet, Michel Parisse 210 $aParis $cÉditions de la Sorbonne$d2019 215 $a1 online resource (320 p.) 311 $a2-85944-420-3 330 $aLes historiens médiévistes se trouvent confrontés à des sources qui sont en latin jusqu?à la fin du Moyen Âge, même si la langue française entre dans la littérature puis dans la pratique à partir du XIe siècle. La langue latine ne cesse alors d?évoluer. Dès l?Antiquité tardive elle a acquis des traits propres qui la distinguent de celle que pratiquait Cicéron ; ses transformations se poursuivent en permanence dans les domaines de la grammaire et du vocabulaire. Il a paru bon de provoquer une rencontre sur la situation actuelle de 1 enseignement du latin médiéval en France et dans les pays voisins. Aux historiens médiévistes qui avaient accepté de faire part de leurs expériences se sont ajoutés les linguistes préoccupés de leurs contacts avec l?histoire. Les relations entre histoire de la langue et histoire de la société sont apparues plus étroites que jamais. S?est exprimé en particulier le besoin de fournir aux étudiants, voire aux enseignants et aux chercheurs, un lexique latin médiéval-français, dont les premiers jalons ont été posés au cours de la table ronde conclusive du colloque. Outre le regard jeté sur les bouleversements linguistiques qui se produisent entre les temps mérovingiens et la fin du Moyen Age, les participants du colloque ont proposé des expériences variées, où le vocabulaire, dans sa diversité et ses multiples facettes, prend toujours la première place, de la Catalogne à la Lorraine, de la cuisine à l?héraldique, des temps mérovingiens à l?automne du Moyen Âge. 606 $aHistory 606 $aMedieval & Renaissance Studies 606 $alatin médiéval 606 $alangue française 606 $alitterature 606 $aAntiquité tardive 606 $ahistorien médiéviste 606 $ahistoriographie 606 $aenseignement 610 $ahistoriographie 610 $aenseignement 610 $alatin médiéval 610 $alitterature 610 $aAntiquité tardive 610 $ahistorien médiéviste 610 $alangue française 615 4$aHistory 615 4$aMedieval & Renaissance Studies 615 4$alatin médiéval 615 4$alangue française 615 4$alitterature 615 4$aAntiquité tardive 615 4$ahistorien médiéviste 615 4$ahistoriographie 615 4$aenseignement 700 $aBanniard$b Michel$0221628 701 $aBeltran$b Evencio$01299582 701 $aEvrard$b Etienne$0789135 701 $aFlammarion$b Hubert$01299583 701 $aGasparri$b Françoise$0164916 701 $aGauvard$b Claude$0155109 701 $aGoullet$b Monique$0472436 701 $aGuerreau$b Alain$0211222 701 $aJacquart$b Danielle$0206076 701 $aLaurioux$b Bruno$0443641 701 $aMehl$b Jean-Michel$01299584 701 $aMeyers$b Jean$0172675 701 $aPalazzo$b Eric$0558604 701 $aParisse$b Michel$0192728 701 $aPastoureau$b Michel$0211701 701 $aPaviot$b Jacques$0779335 701 $aPoirel$b Dominique$0290374 701 $aTock$b Benoit-Michel$0185196 701 $aVezin$b Jean$0162596 701 $aZimmermann$b Michel$0175516 701 $aGoullet$b Monique$0472436 701 $aParisse$b Michel$0192728 801 0$bFR-FrMaCLE 906 $aBOOK 912 $a9910317654103321 996 $aLes historiens et le latin médiéval$93025232 997 $aUNINA LEADER 05207nam 22007575 450 001 9910255187303321 005 20240207123913.0 010 $a3-319-22395-X 024 7 $a10.1007/978-3-319-22395-7 035 $a(CKB)3710000000460288 035 $a(EBL)3563329 035 $a(SSID)ssj0001546499 035 $a(PQKBManifestationID)16140980 035 $a(PQKBTitleCode)TC0001546499 035 $a(PQKBWorkID)14796354 035 $a(PQKB)11133144 035 $a(DE-He213)978-3-319-22395-7 035 $a(MiAaPQ)EBC3563329 035 $a(PPN)188461930 035 $a(EXLCZ)993710000000460288 100 $a20150803d2016 u| 0 101 0 $aeng 135 $aur|n|---||||| 181 $ctxt 182 $cc 183 $acr 200 10$aAffirmative Action Policies and Judicial Review Worldwide /$fby George Gerapetritis 205 $a1st ed. 2016. 210 1$aCham :$cSpringer International Publishing :$cImprint: Springer,$d2016. 215 $a1 online resource (270 p.) 225 1 $aIus Gentium: Comparative Perspectives on Law and Justice,$x1534-6781 ;$v47 300 $aDescription based upon print version of record. 311 $a3-319-22394-1 320 $aIncludes bibliographical references and index. 327 $aForeword -- Preface -- 1. Introduction -- 2. The Moral Question: Interacting with Traditional Values -- 3. The Sociological Question: Goals and Legitimacy -- 4. The Policy Question: Diverse Worldwide Practices -- 5. The Legal Question: Method and Intensity of Judicial Review -- 6. Conclusion -- Index (per country) -- Index (per material). 330 $aThis book discusses affirmative action or positive discrimination, defined as measures awarding privileges to certain groups that have historically suffered discrimination or have been underrepresented in specific social sectors. The book?s underlying rationale is that one cannot place at the same starting point people who have been treated differently in the past because in this way one merely perpetuates a state of difference and, in turn, social gaps are exaggerated and social cohesion is endangered. Starting out with an introduction on the meaning and typology of affirmative action policies, the book goes on to emphasise the interaction of affirmative action with traditional values of liberal state, such as equality, meritocracy, democracy, justice, liberalism and socialism. It reveals the affirmative action goals from a legal and sociological point of view, examining the remedial, cultural, societal, pedagogical and economy purposes of such action. After applying an institutional narrative of the implementation of affirmative action worldwide, the book explains the jurisprudence on the issue through syntheses and antitheses of structural and material variables, such as the institutional recognition of the policies, the domains of their implementation and their beneficiaries. The book eventually makes an analytical impact assessment following the implementation of affirmative action plans and the judicial response, especially in relation to the conventional human rights doctrine, by establishing a liaison between affirmative action and social and group rights.. The book applies a multi-disciplinary and comparative methodology in order to assess the ethical standing of affirmative action policies, the public interests involved and their effectiveness towards actual equality. In the light of the above analysis, the monograph explains the arguments considering affirmative action as a theology for substantive equality and the arguments treating this policy as anathema for liberalism. A universal discussion currently at its peak. 410 0$aIus Gentium: Comparative Perspectives on Law and Justice,$x1534-6781 ;$v47 606 $aConflict of laws 606 $aConflict of laws 606 $aSocial structure 606 $aEquality 606 $aHuman rights 606 $aConstitutional law 606 $aPrivate International Law, International & Foreign Law, Comparative Law $3https://scigraph.springernature.com/ontologies/product-market-codes/R14002 606 $aSocial Structure, Social Inequality$3https://scigraph.springernature.com/ontologies/product-market-codes/X22010 606 $aHuman Rights$3https://scigraph.springernature.com/ontologies/product-market-codes/R19020 606 $aConstitutional Law$3https://scigraph.springernature.com/ontologies/product-market-codes/R17028 615 0$aConflict of laws. 615 0$aConflict of laws. 615 0$aSocial structure. 615 0$aEquality. 615 0$aHuman rights. 615 0$aConstitutional law. 615 14$aPrivate International Law, International & Foreign Law, Comparative Law . 615 24$aSocial Structure, Social Inequality. 615 24$aHuman Rights. 615 24$aConstitutional Law. 676 $a340 700 $aGerapetritis$b George$4aut$4http://id.loc.gov/vocabulary/relators/aut$01059504 801 0$bMiAaPQ 801 1$bMiAaPQ 801 2$bMiAaPQ 906 $aBOOK 912 $a9910255187303321 996 $aAffirmative Action Policies and Judicial Review Worldwide$92506726 997 $aUNINA